Nom de famille-Marvel - Statistiques

Statistiques générales
  • Ce quiz a été pris 395 fois
  • Le résultat moyen est 15 sur 18
Statistiques - réponses
Hint Réponse % Correct
Tony Stark
100%
Peter Parker
99%
Steve Rogers
97%
Bruce Banner
94%
Nick Fury
93%
Pepper Potts
92%
Bucky Barnes
90%
Clint Barton
89%
Natasha Romanoff
89%
Stephen Strange
88%
Wanda Maximoff
87%
Scott Lang
83%
Peter Quill
79%
Carol Danvers
72%
Hank Pym
70%
Rocket Racoon
70%
Yelena Belova
63%
Yondu Udonta
27%
Aucun quiz correspondant
Distribution des résultats
% des personnes avec chaque résultat
Percentile par nombre de réponses
Votre historique - résultats
Vous n’avez pas pris ce quiz